| 000 | 02015nam a22002297a 4500 | ||
|---|---|---|---|
| 001 | 3627 | ||
| 003 | FISKH | ||
| 005 | 20240329151321.0 | ||
| 008 | 240329b cb ||||| |||| 00| 0 eng d | ||
| 040 |
_aFISKH _bkhr _cFISKH _dFISKH |
||
| 082 | _a495.932 | ||
| 100 | _aSon, Nov | ||
| 245 | _aវេយ្យាករណ៍ខ្មែរសម្រាប់មធ្យមសិក្សា / | ||
| 260 |
_aភ្នំពេញ : _bគ្រិះស្ថានបោះពុម្ពនិងចែកផ្សាយ, _c2013. |
||
| 300 |
_a140 pages : _c21 cm |
||
| 520 | _aសៀវភៅវេយ្យាករណ៍ថ្មីនេះ ភាគច្រើនដកស្រង់ចេញពីសៀវភៅភាសាខ្មែរមធ្យមសិក្សាដែលស្របតាមកម្មវិធីសិក្សាថ្មីរបស់ ក្រសួងអប់រំយុវជន និងកីឡាដោយមានបន្ថែមចំនុចខ្លះៗទៅលើនិយមន័យនិងការពន្យល់បញ្ញត្តិនានា ហើយទន្ទឹមនឹងនេះដែរ មានការបញញ្ចេញទស្សន: ផ្ទាល់ខ្លួនទៅលើចំនុចមួយចំនួនដែលអ្នករៀបរៀងយល់ថា នៅមានភាពមិនទាន់ច្បាស់លាស់ ឬភាពប្រទាំងប្រទឹសនៅឡើយ។ | ||
| 520 | _aThis new grammar textbook is mostly taken from the Khmer Secondary Textbook, which is in line with the new curriculum of the Ministry of Education, Youth and Sports, with some additions to the definitions and explanations of the rules, while at the same time expressing personal views. On some points, the editor feels that there is still uncertainty or ambiguity. | ||
| 650 | _aវេយ្យាករណ៍ | ||
| 650 | _aGrammar | ||
| 942 |
_2ddc _cKHB _n0 |
||
| 999 |
_c3627 _d3627 |
||